Statistics for Airlines At PHX

Click here to take the quiz!

General Stats

  • This quiz has been taken 81 times
    (80 since last reset)
  • The average score is 15 of 18

Answer Stats

Hub/Prominent dest. From PHXAnswer% Correct
Dallas-Fort WorthAmerican Airlines
100%
Dallas Love FieldSouthwest Airlines
100%
Chicago O’hare, Denver, Newark, San FransiscoUnited Airlines
100%
Seattle-Tacoma, Portland, AnchorageAlaska Airlines
98%
Atlanta-Hartsfield JacksonvilleDelta Airlines
98%
HonoluluHawaiian Airlines
98%
Vancouver, Montreal, Toronto–PearsonAir Canada
95%
London HeathrowBritish Airways
95%
Las Vegas, Denver, Colorado SpringsFrontier Airways
91%
New York, Boston, Fort LauderdaleJetBlue
89%
Seattle-Tacoma, Chicago O’HareSpirit Airlines
84%
Mexico City, Guadalajara, Puerto VallartaVolaris
81%
Calgary, EdmontonWestJet
77%
FrankfurtCondor
75%
Minneapolis–St. PaulSun Country
75%
FrankfurtEurowings
49%
Hollywood Burbank, Las VegasJSX
32%
Las Vegas, PageContour
30%

Score Distribution

Percentile by Number Answered

Percent of People with Each Score

Your Score History

You have not taken this quiz since the last reset